[Event "St Petersburg-ch Seniors Rapid"]
[Site "St Petersburg"]
[Date "2022.10.04"]
[Round "9"]
[White "Kasantsev, Anatolij B"]
[Black "Provotorov, Alexandr P"]
[Result "0-1"]
[WhiteElo "1863"]
[BlackElo "2188"]
[PlyCount "136"]
[EventDate "2022.10.03"]
[EventType "swiss (rapid)"]
[EventRounds "10"]
[EventCountry "RUS"]
[SourceTitle "EXT 2024"]
[Source "ChessBase"]
[SourceDate "2023.10.10"]
[SourceVersion "1"]
[SourceVersionDate "2023.10.10"]
[SourceQuality "1"]

1. d4 Nf6 2. c4 d6 3. Nc3 e5 4. Nf3 Nbd7 5. Bg5 Be7 6. e3 c6 7. Qc2 Qa5 8. Bh4 0-0 9. Bd3 Re8 10. 0-0 Nf8 11. h3 Nh5 12. Bxe7 Rxe7 13. c5 exd4 14. cxd6 Re6 15. Nxd4 Rxd6 16. Bc4 Nf6 17. Rad1 Qh5 18. Be2 Qe5 19. Nf3 Qe7 20. Rxd6 Qxd6 21. Rd1 Qe7 22. Nd4 Be6 23. Nf5 Qc5 24. Bd3 Rd8 25. Nd4 Bc8 26. Be2 Qe7 27. Nb3 Ne6 28. Rxd8+ Qxd8 29. Qd1 Qxd1+ 30. Bxd1 Kf8 31. Kf1 Ke7 32. f4 b6 33. Kf2 c5 34. Bf3 Ba6 35. g4 c4 36. Nd2 Nc5 37. g5 Nfd7 38. Be4 g6 39. Bc2 b5 40. a3 Kd6 41. Nde4+ Nxe4+ 42. Nxe4+ Ke7 43. h4 Bb7 44. Nc3 a6 45. e4 Bc6 46. Ke3 Nc5 47. Kd4 Ne6+ 48. Ke3 a5 49. f5 Nc5 50. Kd4 Nd7 51. Nd5+ Kd6 52. Ne3 Ne5 53. b3 Nf3+ 54. Kc3 cxb3 55. Bxb3 Bxe4 56. Bxf7 Nxh4 57. fxg6 Bxg6 58. Bd5 Nf5 59. Nxf5+ Bxf5 60. Bf3 Kc5 61. Kb2 Kd4 62. Bc6 Bd3 63. a4 b4 64. Be8 Be4 65. Bf7 Bc6 66. Bb3 Ke5 67. Bg8 Be4 68. Kb3 Bd5+ 0-1

[Event "Voronezh op-B 23rd"]
[Site "Voronezh"]
[Date "2019.06.19"]
[Round "8"]
[White "Kasantsev, Anatolij B"]
[Black "Shushunov, Aleksei"]
[Result "0-1"]
[WhiteElo "1941"]
[BlackElo "1716"]
[PlyCount "60"]
[EventDate "2019.06.12"]
[EventType "swiss"]
[EventRounds "9"]
[EventCountry "RUS"]
[SourceTitle "EXT 2020"]
[Source "ChessBase"]
[SourceDate "2019.10.17"]
[SourceVersion "1"]
[SourceVersionDate "2019.10.17"]
[SourceQuality "1"]

1. d4 d5 2. c4 c6 3. Nf3 e6 4. Nc3 dxc4 5. e3 b5 6. a4 Bb4 7. Bd2 a5 8. axb5 Bxc3 9. Bxc3 cxb5 10. b3 Bb7 11. bxc4 b4 12. Bb2 Nf6 13. Bd3 0-0 14. 0-0 Nbd7 15. c5 Bc6 16. Ne5 Nxe5 17. dxe5 Ne4 18. f3 Nxc5 19. Bxh7+ Kxh7 20. Qc2+ Nd3 21. Qxc6 Nxb2 22. Qe4+ Kg8 23. Qc2 Qd3 24. Qxb2 Qxe3+ 25. Kh1 Rfc8 26. Rfe1 Qc3 27. Qf2 b3 28. f4 Qc2 29. Qxc2 Rxc2 30. h3 a4 0-1

[Event "Voronezh op-B 23rd"]
[Site "Voronezh"]
[Date "2019.06.13"]
[Round "2"]
[White "Kasantsev, Anatolij B"]
[Black "Kocharyan, Hayk"]
[Result "1/2-1/2"]
[WhiteElo "1941"]
[BlackElo "1667"]
[PlyCount "102"]
[EventDate "2019.06.12"]
[EventType "swiss"]
[EventRounds "9"]
[EventCountry "RUS"]
[SourceTitle "EXT 2020"]
[Source "ChessBase"]
[SourceDate "2019.10.17"]
[SourceVersion "1"]
[SourceVersionDate "2019.10.17"]
[SourceQuality "1"]

1. d4 Nf6 2. c4 d6 3. Nc3 Nbd7 4. Nf3 e5 5. Bg5 Be7 6. e3 0-0 7. Bd3 c6 8. Qc2 h6 9. h4 Re8 10. 0-0-0 exd4 11. exd4 Nf8 12. Bxf6 Bxf6 13. Bf5 Bxf5 14. Qxf5 Qd7 15. Qxd7 Nxd7 16. Rhe1 Rxe1 17. Rxe1 Nb6 18. b3 Rd8 19. Ne4 Be7 20. Ng3 Bf8 21. Kc2 Nd7 22. Nd2 g6 23. h5 d5 24. hxg6 fxg6 25. Nf3 Bg7 26. cxd5 cxd5 27. Kd3 Kf7 28. Rc1 Nf8 29. Nf1 Rd7 30. Ne3 g5 31. g3 Ng6 32. a4 Bf6 33. Rc8 h5 34. a5 a6 35. b4 Ne7 36. Rc5 g4 37. Ne5+ Bxe5 38. dxe5 Ke6 39. Rc1 Nc6 40. Rh1 Nxe5+ 41. Kd2 Rf7 42. Ke2 Rh7 43. Ng2 Ng6 44. Kd3 Ke5 45. Re1+ Kd6 46. Kd4 Rf7 47. Re2 Rc7 48. Ne3 Ne7 49. Kd3 Rc1 50. Rb2 Ra1 51. Ng2 Ng6 1/2-1/2

[Event "Voronezh op-B 22nd"]
[Site "Voronezh"]
[Date "2018.06.17"]
[Round "6"]
[White "Kasantsev, Anatolij B"]
[Black "Denisenko, Dmitry"]
[Result "1-0"]
[WhiteElo "1962"]
[BlackElo "1703"]
[PlyCount "63"]
[EventDate "2018.06.12"]
[EventType "swiss"]
[EventRounds "9"]
[EventCountry "RUS"]
[SourceTitle "CBM 185 Extra"]
[Source "ChessBase"]
[SourceDate "2018.07.29"]
[SourceVersion "1"]
[SourceVersionDate "2018.07.29"]
[SourceQuality "1"]

1. d4 d6 2. c4 Nf6 3. Nc3 Bf5 4. f3 Nbd7 5. e4 Bg6 6. Nh3 e6 7. Nf2 a6 8. Be2 Be7 9. Be3 0-0 10. g4 c6 11. f4 h6 12. f5 Bh7 13. Qd2 d5 14. cxd5 cxd5 15. e5 Ne4 16. Nfxe4 dxe4 17. 0-0 Kh8 18. Nxe4 exf5 19. gxf5 b5 20. Bd3 Rg8 21. Kh1 Nb6 22. Qg2 Nd5 23. Bg1 Qd7 24. Rad1 Rad8 25. Nc3 Bg5 26. Nxd5 Qxd5 27. Qxd5 Rxd5 28. Be4 Rdd8 29. d5 Rgf8 30. d6 Rfe8 31. Bd4 Rf8 32. Bf2 1-0

[Event "Voronezh op-B 22nd"]
[Site "Voronezh"]
[Date "2018.06.15"]
[Round "4"]
[White "Krekoten, Vladimir"]
[Black "Kasantsev, Anatolij B"]
[Result "0-1"]
[WhiteElo "1718"]
[BlackElo "1962"]
[PlyCount "20"]
[EventDate "2018.06.12"]
[EventType "swiss"]
[EventRounds "9"]
[EventCountry "RUS"]
[SourceTitle "CBM 185 Extra"]
[Source "ChessBase"]
[SourceDate "2018.07.29"]
[SourceVersion "1"]
[SourceVersionDate "2018.07.29"]
[SourceQuality "1"]

1. e4 c5 2. Nc3 Nc6 3. Nf3 e6 4. d4 cxd4 5. Nxd4 Qc7 6. Be2 a6 7. a4 Nf6 8. 0-0 Bb4 9. f3 Nxd4 10. Qxd4 Bc5 0-1

[Event "Voronezh op-B 20th"]
[Site "Voronezh"]
[Date "2016.06.19"]
[Round "7"]
[White "Strelnikov, Nikita"]
[Black "Kasantsev, Anatolij B"]
[Result "0-1"]
[WhiteElo "1870"]
[BlackElo "2021"]
[PlyCount "74"]
[EventDate "2016.06.12"]
[EventType "swiss"]
[EventRounds "9"]
[EventCountry "RUS"]
[SourceTitle "EXT 2017"]
[Source "ChessBase"]
[SourceDate "2016.10.25"]
[SourceVersion "1"]
[SourceVersionDate "2016.10.25"]
[SourceQuality "1"]

1. e4 c5 2. Nf3 e6 3. c4 Nc6 4. Nc3 a6 5. Be2 Nf6 6. 0-0 Qc7 7. d4 cxd4 8. Nxd4 Bb4 9. Bg5 Bxc3 10. Bxf6 gxf6 11. bxc3 Ne5 12. Qa4 0-0 13. f4 Ng6 14. f5 Nf4 15. Qc2 e5 16. g3 Nxe2+ 17. Nxe2 Qxc4 18. Rad1 b5 19. g4 Bb7 20. Ng3 d5 21. Qd2 dxe4 22. Qh6 e3 23. Rd4 Qc6 24. Re4 Kh8 25. Qxe3 Rg8 26. h3 Rac8 27. Rc1 Rg5 28. Rc2 Rcg8 29. Rf2 h5 30. h4 R5g7 31. Rh2 hxg4 32. Rxg4 Rh7 33. Rxg8+ Kxg8 34. Rd2 Rxh4 35. Kf1 Kg7 36. Ke1 Rf4 37. Kd1 Qf3+ 0-1

[Event "Voronezh op-B 20th"]
[Site "Voronezh"]
[Date "2016.06.16"]
[Round "5"]
[White "Kovalenko, Sergey"]
[Black "Kasantsev, Anatolij B"]
[Result "1-0"]
[WhiteElo "2187"]
[BlackElo "2021"]
[PlyCount "53"]
[EventDate "2016.06.12"]
[EventType "swiss"]
[EventRounds "9"]
[EventCountry "RUS"]
[SourceTitle "EXT 2017"]
[Source "ChessBase"]
[SourceDate "2016.10.25"]
[SourceVersion "1"]
[SourceVersionDate "2016.10.25"]
[SourceQuality "1"]

1. d4 Nf6 2. Nf3 g6 3. c4 Bg7 4. Nc3 d5 5. e3 0-0 6. Be2 dxc4 7. Ne5 c5 8. 0-0 cxd4 9. exd4 a6 10. Bf3 Ne8 11. Nxc4 Nd6 12. Ne5 Nf5 13. Be3 Nd7 14. Re1 Nxe3 15. Rxe3 Rb8 16. Bd5 Nxe5 17. dxe5 e6 18. Bb3 Qg5 19. Qd6 Ra8 20. Rd1 b5 21. Qc7 h5 22. a3 Qf5 23. Ne2 h4 24. Bc2 Qg5 25. f4 Qh5 26. Be4 Bh6 27. Bxa8 1-0

[Event "Voronezh op-B 20th"]
[Site "Voronezh"]
[Date "2016.06.13"]
[Round "2"]
[White "Kasantsev, Anatolij B"]
[Black "Pikalova, Sofya"]
[Result "1-0"]
[WhiteElo "2021"]
[BlackElo "1688"]
[PlyCount "52"]
[EventDate "2016.06.12"]
[EventType "swiss"]
[EventRounds "9"]
[EventCountry "RUS"]
[SourceTitle "EXT 2017"]
[Source "ChessBase"]
[SourceDate "2016.10.25"]
[SourceVersion "1"]
[SourceVersionDate "2016.10.25"]
[SourceQuality "1"]

1. d4 d5 2. c4 c6 3. Nf3 Nf6 4. Nc3 e6 5. Bg5 Nbd7 6. cxd5 exd5 7. e3 Be7 8. Bd3 0-0 9. Qc2 Re8 10. h3 h6 11. Bf4 Nf8 12. g4 N6h7 13. 0-0-0 Ng5 14. Ne5 Nge6 15. Bg3 Nd7 16. Bh7+ Kf8 17. f4 Bd6 18. h4 Qb6 19. g5 hxg5 20. hxg5 Bxe5 21. fxe5 Nxg5 22. Qf5 Ne4 23. Nxe4 Nxe5 24. Qf2 Ng4 25. Bd6+ Re7 26. Qh4 f6 1-0

[Event "Voronezh op-B 20th"]
[Site "Voronezh"]
[Date "2016.06.12"]
[Round "1"]
[White "Ragimli, Deniz"]
[Black "Kasantsev, Anatolij B"]
[Result "0-1"]
[WhiteElo "1687"]
[BlackElo "2021"]
[PlyCount "60"]
[EventDate "2016.06.12"]
[EventType "swiss"]
[EventRounds "9"]
[EventCountry "RUS"]
[SourceTitle "EXT 2017"]
[Source "ChessBase"]
[SourceDate "2016.10.25"]
[SourceVersion "1"]
[SourceVersionDate "2016.10.25"]
[SourceQuality "1"]

1. e4 c5 2. Nf3 e6 3. g3 Nc6 4. Bg2 g6 5. d4 cxd4 6. Nxd4 Qb6 7. Nb3 Bg7 8. Be3 Qc7 9. c3 b6 10. N1d2 Ba6 11. f4 Nge7 12. e5 Nf5 13. Bd4 0-0 14. Kf2 Rad8 15. Nf3 d6 16. Rc1 dxe5 17. Nxe5 Nxe5 18. fxe5 Bxe5 19. Bxe5 Qxe5 20. Qf3 Rd7 21. Rhe1 Qb8 22. Rcd1 Rfd8 23. Rxd7 Rxd7 24. Rd1 Qd8 25. Rxd7 Qxd7 26. Qf4 Qd6 27. Qf3 Bc4 28. Qa8+ Kg7 29. Qxa7 Qd3 30. h4 Qe3# 0-1

[Event "Voronezh op-B 18th"]
[Site "Voronezh"]
[Date "2014.06.18"]
[Round "7"]
[White "Kasantsev, Anatolij B"]
[Black "Klimentov, Evgeny"]
[Result "0-1"]
[WhiteElo "2071"]
[BlackElo "1985"]
[PlyCount "84"]
[EventDate "2014.06.12"]
[EventType "swiss"]
[EventRounds "9"]
[EventCountry "RUS"]
[SourceTitle "EXT 2015"]
[Source "ChessBase"]
[SourceDate "2014.11.20"]
[SourceVersion "1"]
[SourceVersionDate "2014.11.20"]
[SourceQuality "1"]

1. d4 Nf6 2. c4 g6 3. Nc3 Bg7 4. e4 d6 5. f3 0-0 6. Bg5 a6 7. Qd2 Nbd7 8. Nh3 c5 9. d5 b5 10. cxb5 Qa5 11. a4 axb5 12. Bxb5 Ba6 13. 0-0 Bxb5 14. Nxb5 Qxd2 15. Bxd2 Nb6 16. a5 Nc4 17. Bc3 Rfb8 18. Na3 Nxb2 19. Rab1 Na4 20. Bd2 Nd7 21. Nc4 Nc3 22. Rxb8+ Rxb8 23. Nf2 Rb4 24. Ne3 Ra4 25. Nfd1 Nb1 26. Nb2 Ra1 27. Nec4 Nb8 28. Be3 Na6 29. f4 Nb4 30. Rd1 Na2 31. e5 Nac3 32. Re1 Nxd5 33. Bd2 Nc7 34. Nxd6 exd6 35. exd6 Ne6 36. Nc4 Nxd2 37. Rxa1 Nxc4 38. Ra4 Nxd6 39. a6 Nc7 40. a7 Na8 41. Ra6 Nc8 42. Rc6 Nxa7 0-1

[Event "Voronezh op-B 18th"]
[Site "Voronezh"]
[Date "2014.06.15"]
[Round "4"]
[White "Alieva, Alexandra"]
[Black "Kasantsev, Anatolij B"]
[Result "0-1"]
[WhiteElo "1950"]
[BlackElo "2071"]
[PlyCount "60"]
[EventDate "2014.06.12"]
[EventType "swiss"]
[EventRounds "9"]
[EventCountry "RUS"]
[SourceTitle "EXT 2015"]
[Source "ChessBase"]
[SourceDate "2014.11.20"]
[SourceVersion "1"]
[SourceVersionDate "2014.11.20"]
[SourceQuality "1"]

1. e4 c5 2. Nf3 Nc6 3. c3 Nf6 4. e5 Nd5 5. Bc4 Nb6 6. Bb3 c4 7. Bc2 g6 8. 0-0 Bg7 9. Qe2 Qc7 10. Re1 0-0 11. Na3 Nd8 12. b3 cxb3 13. Bxb3 a6 14. d4 d6 15. exd6 exd6 16. Bf4 Ne6 17. Bg3 Bd7 18. Qd3 Bc6 19. Nd2 Rfe8 20. Nc2 a5 21. a4 Qd8 22. Ne3 d5 23. Ng4 f5 24. Rxe6 Rxe6 25. Ne5 Qf6 26. Bc2 f4 27. Bxf4 Qxf4 28. Qh3 Rae8 29. Ndf3 Nc4 30. g3 Qh6 0-1

[Event "Voronezh op-B 18th"]
[Site "Voronezh"]
[Date "2014.06.13"]
[Round "2"]
[White "Lyubokhiner, Leonid M"]
[Black "Kasantsev, Anatolij B"]
[Result "0-1"]
[WhiteElo "1714"]
[BlackElo "2071"]
[PlyCount "64"]
[EventDate "2014.06.12"]
[EventType "swiss"]
[EventRounds "9"]
[EventCountry "RUS"]
[SourceTitle "EXT 2015"]
[Source "ChessBase"]
[SourceDate "2014.11.20"]
[SourceVersion "1"]
[SourceVersionDate "2014.11.20"]
[SourceQuality "1"]

1. e4 c5 2. Nf3 e6 3. d4 cxd4 4. Nxd4 a6 5. Bd3 Nf6 6. 0-0 Qc7 7. Nc3 Nc6 8. Be3 Ne5 9. Be2 d6 10. f4 Ng6 11. f5 Ne5 12. fxe6 fxe6 13. Kh1 Be7 14. Bg1 0-0 15. Nf3 Ng6 16. Qd4 b5 17. Rae1 Rb8 18. Bd1 b4 19. Ne2 Bd7 20. Ng3 e5 21. Qd2 Rfc8 22. Be3 Bb5 23. Rf2 Ng4 24. Qd5+ Kh8 25. Rd2 Bc4 26. Nxe5 Bxd5 27. Nxg4 Be6 28. Nf5 Bf8 29. Nd4 Bg8 30. Nf5 Ne5 31. Nxe5 dxe5 32. Rf1 Qc4 0-1

[Event "Voronezh op-B 17th"]
[Site "Voronezh"]
[Date "2013.06.17"]
[Round "7"]
[White "Malin, Alexey"]
[Black "Kasantsev, Anatolij B"]
[Result "0-1"]
[WhiteElo "1779"]
[BlackElo "1971"]
[PlyCount "78"]
[EventDate "2013.06.12"]
[EventType "swiss"]
[EventRounds "9"]
[EventCountry "RUS"]
[SourceTitle "EXT 2014"]
[Source "ChessBase"]
[SourceDate "2013.11.20"]
[SourceVersion "1"]
[SourceVersionDate "2013.11.20"]
[SourceQuality "1"]

1. e4 c5 2. c3 Nf6 3. e5 Nd5 4. d4 cxd4 5. cxd4 d6 6. f4 e6 7. Nf3 Be7 8. Bd3 Nc6 9. 0-0 Bd7 10. Nc3 Ncb4 11. Nxd5 Nxd5 12. exd6 Bxd6 13. Ne5 g6 14. Qe2 a6 15. f5 Qh4 16. Nf3 Qh5 17. fxg6 hxg6 18. h3 Nb4 19. a4 Nxd3 20. Qxd3 Bc6 21. Ng5 Rf8 22. g4 Qh4 23. Bd2 Bd5 24. Rac1 Be7 25. Ne4 f5 26. Nf2 Bd6 27. Rc3 Kd7 28. Rfc1 fxg4 29. Nxg4 Rf3 30. Qxf3 Bxf3 31. Rxf3 Rf8 32. Rxf8 Bxf8 33. Ne5+ Kd6 34. Nc4+ Kd5 35. Nb6+ Ke4 36. Re1+ Kd3 37. Bc3 Qg3+ 38. Kh1 Qxh3+ 39. Kg1 Bh6 0-1

[Event "Voronezh op-B 17th"]
[Site "Voronezh"]
[Date "2013.06.13"]
[Round "2"]
[White "Kasantsev, Anatolij B"]
[Black "Manukovsky, Vladimir"]
[Result "1-0"]
[WhiteElo "1971"]
[BlackElo "2233"]
[PlyCount "105"]
[EventDate "2013.06.12"]
[EventType "swiss"]
[EventRounds "9"]
[EventCountry "RUS"]
[SourceTitle "EXT 2014"]
[Source "ChessBase"]
[SourceDate "2013.11.20"]
[SourceVersion "1"]
[SourceVersionDate "2013.11.20"]
[SourceQuality "1"]

1. d4 d5 2. c4 c6 3. Nf3 e6 4. Nc3 Nf6 5. Bg5 Nbd7 6. cxd5 exd5 7. e3 Qa5 8. Nd2 Ne4 9. Ndxe4 dxe4 10. Bf4 Nb6 11. Qc2 f5 12. Be2 Nd5 13. Be5 Be6 14. Bh5+ Kd7 15. 0-0 Rg8 16. a3 Bd6 17. Bxd6 Kxd6 18. b4 Qd8 19. Be2 Ke7 20. Na4 Qd6 21. Nc5 Bc8 22. b5 b6 23. Nb3 cxb5 24. Bxb5 Be6 25. Nd2 Rgc8 26. Qb2 a6 27. Ba4 Nf6 28. Rab1 Rab8 29. Rfc1 b5 30. Bb3 Bd7 31. Ba2 Rxc1+ 32. Rxc1 Rc8 33. Rxc8 Bxc8 34. Nb3 Nd7 35. g3 Kf6 36. Qc1 Bb7 37. Nc5 Nxc5 38. dxc5 Qe5 39. c6 Bc8 40. h4 Ke7 41. Qd2 h6 42. Qb4+ Ke8 43. Qd4 Qe7 44. Qd5 Qf6 45. Kg2 Ke7 46. Qc5+ Ke8 47. Qb6 Qd6 48. Qd4 Qe7 49. Qd5 Qf6 50. Qg8+ Qf8 51. Qd5 Qxa3 52. Qf7+ Kd8 53. c7# 1-0

[Event "Elets op"]
[Site "Elets"]
[Date "2011.08.10"]
[Round "9"]
[White "Kasantsev, Anatolij B"]
[Black "Degtiarev, Viktor"]
[Result "1-0"]
[WhiteElo "2068"]
[BlackElo "1892"]
[PlyCount "47"]
[EventDate "2011.08.04"]
[EventType "swiss"]
[EventRounds "9"]
[EventCountry "RUS"]
[SourceTitle "EXT 2012"]
[Source "ChessBase"]
[SourceDate "2011.11.24"]
[SourceVersion "1"]
[SourceVersionDate "2011.11.24"]
[SourceQuality "1"]

1. d4 c5 2. d5 g6 3. e4 d6 4. Nc3 Bg7 5. Nf3 a6 6. a4 Nd7 7. Be2 Ngf6 8. 0-0 0-0 9. h3 Re8 10. Re1 e6 11. dxe6 Rxe6 12. Ng5 Re8 13. Qxd6 h6 14. Nxf7 Qb6 15. Nxh6+ Kh7 16. Qf4 Qe6 17. Qh4 Nh5 18. Bxh5 gxh5 19. Nf5 Qg6 20. Nxg7 Kxg7 21. Nd5 Rf8 22. Ra3 Kh7 23. Rg3 Qf7 24. Rg5 1-0

[Event "Voronezh op-B 15th"]
[Site "Voronezh"]
[Date "2011.06.18"]
[Round "7"]
[White "Kasantsev, Anatolij B"]
[Black "Sukhareva, Valentina"]
[Result "0-1"]
[WhiteElo "2109"]
[BlackElo "1947"]
[PlyCount "98"]
[EventDate "2011.06.12"]
[EventType "swiss"]
[EventRounds "9"]
[EventCountry "RUS"]
[SourceTitle "CBM 143 Extra"]
[Source "ChessBase"]
[SourceDate "2011.08.29"]
[SourceVersion "1"]
[SourceVersionDate "2011.08.29"]
[SourceQuality "1"]

1. d4 f5 2. g3 Nf6 3. Bg2 e6 4. Nf3 Be7 5. 0-0 Ne4 6. c4 d6 7. b3 0-0 8. Bb2 Nd7 9. Qc2 Rb8 10. Nbd2 Nxd2 11. Nxd2 e5 12. c5 e4 13. c6 Nf6 14. cxb7 Bxb7 15. Bh3 g6 16. Nc4 Bd5 17. Rac1 Rc8 18. e3 c6 19. Rfd1 Qd7 20. Qd2 g5 21. Bg2 Qe8 22. Ba3 Qd7 23. Bb4 Bf7 24. Qb2 Bd5 25. Qa3 Ne8 26. Rd2 Kh8 27. Rdc2 Rc7 28. Qa6 Nf6 29. Qa3 Rd8 30. Bf1 f4 31. Na5 fxg3 32. fxg3 Ng4 33. Bd2 Qf5 34. Bg2 Qf2+ 35. Kh1 Nxe3 36. Bxe3 Qxe3 37. Qb2 Bf6 38. Rd1 g4 39. Nc4 Qg5 40. Qc3 Re7 41. Ne3 c5 42. Nxd5 Qxd5 43. Qe1 cxd4 44. Re2 Rde8 45. Qf2 Kg7 46. Qf4 h5 47. Rde1 Qg5 48. Bxe4 Qxf4 49. gxf4 Bh4 0-1

[Event "RUS-ch Seniors"]
[Site "Odintsovo"]
[Date "2011.04.22"]
[Round "4"]
[White "Golcman, Evgeny"]
[Black "Kasantsev, Anatolij B"]
[Result "1/2-1/2"]
[WhiteElo "2292"]
[BlackElo "2101"]
[PlyCount "89"]
[EventDate "2011.04.19"]
[EventType "swiss"]
[EventRounds "9"]
[EventCountry "RUS"]
[SourceTitle "CBM 142 Extra"]
[Source "ChessBase"]
[SourceDate "2011.06.27"]
[SourceVersion "1"]
[SourceVersionDate "2011.06.27"]
[SourceQuality "1"]

1. c4 Nf6 2. Nc3 c5 3. Nf3 d5 4. cxd5 Nxd5 5. g3 Nc6 6. Bg2 Nc7 7. 0-0 e5 8. d3 Be7 9. Ne1 Bd7 10. Nc2 0-0 11. b3 Rc8 12. Bb2 b6 13. Rc1 Re8 14. e3 Ne6 15. f4 exf4 16. gxf4 Bf6 17. Qd2 Nb4 18. Nxb4 cxb4 19. Ne4 Bxb2 20. Qxb2 Rxc1 21. Qxc1 Bb5 22. Rd1 f5 23. Nf2 Qd7 24. Qd2 a5 25. Rc1 Rc8 26. Rxc8+ Qxc8 27. Bd5 Kf8 28. Kf1 Qc3 29. Ke2 Nc5 30. Bc4 Bc6 31. Qxc3 bxc3 32. d4 Ne4 33. Nd3 b5 34. Be6 g6 35. b4 a4 36. a3 Ke7 37. Bg8 h6 38. Kd1 g5 39. Kc2 g4 40. Ne5 Bb7 41. Bh7 Kf6 42. Nd7+ Ke6 43. Nf8+ Kf7 44. Nd7 Ke6 45. Nf8+ 1/2-1/2

[Event "Lipetsk Summer op"]
[Site "Lipetsk"]
[Date "2010.07.17"]
[Round "8"]
[White "Kasantsev, Anatolij B"]
[Black "Lomovskih, Alexey"]
[Result "1/2-1/2"]
[WhiteElo "2081"]
[BlackElo "1913"]
[PlyCount "46"]
[EventDate "2010.07.10"]
[EventType "swiss"]
[EventRounds "9"]
[EventCountry "RUS"]
[SourceTitle "EXT 2022"]
[Source "ChessBase"]
[SourceDate "2021.10.06"]
[SourceVersion "1"]
[SourceVersionDate "2021.10.06"]
[SourceQuality "1"]

1. d4 d5 2. c4 c6 3. Nf3 Nf6 4. Qb3 dxc4 5. Qxc4 Bf5 6. Nc3 e6 7. Bg5 Be7 8. e3 0-0 9. Be2 Nbd7 10. Nh4 Bc2 11. Bd1 Bxd1 12. Rxd1 h6 13. Bxf6 Nxf6 14. Nf3 Qb6 15. 0-0 Rfd8 16. Ne5 Nd7 17. Nd3 Rac8 18. b4 a5 19. a3 axb4 20. axb4 Ra8 21. Ra1 Qc7 22. f4 Nb6 23. Qb3 Nd5 1/2-1/2

[Event "Lipetsk Summer op"]
[Site "Lipetsk"]
[Date "2010.07.15"]
[Round "6"]
[White "Kasantsev, Anatolij B"]
[Black "Skomorohov, Grigorij"]
[Result "1/2-1/2"]
[WhiteElo "2081"]
[BlackElo "2140"]
[PlyCount "20"]
[EventDate "2010.07.10"]
[EventType "swiss"]
[EventRounds "9"]
[EventCountry "RUS"]
[SourceTitle "EXT 2022"]
[Source "ChessBase"]
[SourceDate "2021.10.06"]
[SourceVersion "1"]
[SourceVersionDate "2021.10.06"]
[SourceQuality "1"]

1. d4 d5 2. c4 e6 3. Nc3 f5 4. Nf3 Nf6 5. g3 Be7 6. Bg2 0-0 7. 0-0 c6 8. b3 Ne4 9. Bb2 Bd7 10. Qc2 Be8 1/2-1/2